000170236 001__ 170236 000170236 005__ 20260408101504.0 000170236 020__ $$a978-84-1070-447-3 000170236 037__ $$aBOOK-2026-270 000170236 041__ $$aspa 000170236 100__ $$aFernández-Catalán, Guillem$$b 000170236 245__ $$aEfecto mediador de las conductas externalizantes e internalizantes en la asociación entre los rasgos de impulsividad y el trastorno del juego en adolescentes españoles 000170236 250__ $$a1ª ed. 000170236 260__ $$aMadrid$$bDykinson$$c2024 000170236 300__ $$a138-158 000170236 506__ $$aby-nc 000170236 540__ $$9info:eu-repo/semantics/openAccess 000170236 700__ $$aSánchez-Pérez, Noelia$$b 000170236 700__ $$aModrego-Alarcón, Marta$$b 000170236 700__ $$aAlcaraz-Iborra, Manuel$$b 000170236 773__ $$tRetos y riesgos de la psicología actual 000170236 8560_ $$flplumed@unizar.es 000170236 8564_ $$uhttps://zaguan.unizar.es/record/170236/files/BOOK-2026-270.pdf$$zTexto completo 000170236 909CO $$ooai:zaguan.unizar.es:170236$$pbooks 000170236 980__ $$aBOOK$$bCAPITULOS$$b